Tets for normality in the econometric disequilibrium markets model (Registro nro. 26308)

Detalles MARC
000 -LEADER
fixed length control field 00352 a2200109 4500
001 - CONTROL NUMBER
control field ART_12378
005 - DATE AND TIME OF LATEST TRANSACTION
control field 20260410161905.0
008 - FIXED-LENGTH DATA ELEMENTS--GENERAL INFORMATION
fixed length control field 260409a
100 1# - MAIN ENTRY--PERSONAL NAME
Personal name Lee, Lung-Fei
245 10 - TITLE STATEMENT
Title Tets for normality in the econometric disequilibrium markets model
773 0# - HOST ITEM ENTRY
Title Journal of econometrics
Related parts - Vol. 19, Nº 1 (may. 1982)
Record control number REV11720

No hay ítems disponibles.